|
|
|
|
| LEADER |
00000cam a2200000 7i4500 |
| 001 |
0000033621 |
| 002 |
000036296 |
| 005 |
20000331.0 |
| 020 |
|
|
|a T000003525
|
| 090 |
0 |
0 |
|a 338.761021
|b MAL
|
| 110 |
1 |
|
|a Malaysia
|c Jabatan Perangkaan
|
| 245 |
1 |
0 |
|a Banci Pertubuhan Profesional dan Institusi-Sektor Swasta- .
|p Census of Professional And Institutional Establishments-Private Sector-1994
|
| 260 |
|
|
|a Kuala Lumpur :
|b Jabatan Perangkaan ,
|c 1994
|
| 300 |
|
|
|a 153p :
|b Illust. ;
|c 29 cm.
|
| 650 |
0 |
0 |
|a Professional and institutional establishments
|x Private sectors
|x Census
|
| 999 |
|
|
|a 085774
|b BUKU
|c MALAYSIANA
|e PERPUSTAKAAN KOMUNITI PETALING JAYA
|